000 00606cam a22001934a 4500
005 20250605164147.0
008 250528s ||||||||||||||||||||||||d
035 _a19230
020 _a6322671
040 _aGR-AtMCL
_bgre
_dGR-AtMCL
_eAACR2
245 1 _aPlanning for Man and Motor
260 _bPergamon Press,
_c1964
300 _a386
520 _aAcknowledgements, Context and Introduction, The Main-Vehicle Relationship, Needs of Man as an Organism, Needs and Nature of Vehicles, Glossary of Terms, Index.
700 1 _aRitter Paul
_95465
942 _cBK
999 _c4496
_d4496